Video Games That Start With V - Statistics

General Stats
  • This quiz has been taken 19 times
  • The average score is 1 of 5
Answer Stats
Hint Answer % Correct
Think of it as SEGA's version of Street Fighter or Mortal Kombat. Virtua Fighter
94%
Avid movie-goer's girlfriend is kidnapped, and her rescuer must enter Movieland to become a superhero. Viewtiful Joe
33%
U.S. Sergeant and his A-Team carry out a series of various missions against the Viet Cong and North Vietnamese forces. Vietcong
11%
In 2049, the human population of Earth embarks on a migratory voyage to try to colonize other planets. Vectorman
0%
A detective in the player's department uncovers an illegal gunrunning operation and traces it back to a powerful crime syndicate named E.V.I.L. Inc. Virtua Cop
0%
No matching quizzes found
Score Distribution
Percent of People with Each Score
Percentile by Number Answered
Your Score History
You have not taken this quiz